Statistics for SZA - Shirt (All Lyrics)

Click here to take the quiz!

General Stats

  • This quiz has been taken 38 times
    (28 since last reset)
  • The average score is 250 of 348

Answer Stats

Answer% Correct
n****
100%
I
95%
a
91%
me,
91%
me
91%
my
91%
all
86%
All
86%
lost
86%
lost,
86%
on
86%
so
86%
you
86%
about
82%
Been
82%
dark
82%
In
82%
in
82%
It
82%
it?
82%
it,
82%
it
82%
shirt,
82%
the
82%
to
82%
Blood
77%
dangerous
77%
Kiss
77%
like
77%
now
77%
right
77%
without
77%
but
73%
Comfort
73%
do
73%
Feel
73%
Feeling
73%
get
73%
Get
73%
got
73%
it's
73%
It's
73%
new
73%
stain
73%
back
68%
back,
68%
bitch
68%
bitch,
68%
Damn,
68%
Damn
68%
look
68%
nerves
68%
Old
68%
skin,
68%
still
68%
Still
68%
taste
68%
thirsty
68%
and
64%
desperate
64%
going
64%
looking
64%
of
64%
resentment
64%
shit
64%
sins,
64%
too
64%
around
59%
word
59%
anxious
55%
curved,
55%
day,
55%
don't
55%
here
55%
Let
55%
mind,
55%
perfection
55%
Simmer
55%
stressing
55%
that
55%
up
55%
what
55%
worth,
55%
ain't
50%
Broad
50%
Can't
50%
can't
50%
How
50%
how
50%
know
50%
mental,
50%
out
50%
say
50%
sunshine,
50%
change
45%
cry
45%
deserve
45%
find
45%
fuck
45%
gotta
45%
I'm
45%
Lead
45%
love?
45%
way
45%
way,
45%
crowd,
41%
I'll
41%
is
41%
stay
41%
Tough
41%
'Posed
36%
'posed
36%
best
32%
Give
32%
hate
32%
hurt
32%
just
32%
this
32%
trust,
32%
baby?
27%
need
27%

Score Distribution

Percentile by Number Answered

Percent of People with Each Score

Your Score History

You have not taken this quiz since the last reset